000 00483nam a2200145 a 4500
008 120416s1977 xx |||||||||||||| || u
050 _aHD 31 Hus
100 _aHussey, D. E
245 1 0 _aCorporate planning theory and practice
260 _c1977
350 _a0.00
650 0 _aMANAGEMENT
650 _aBUSINESS MANAGEMENT
995 _D0.00
_FCBU-MAIN LIBRARY (Kitwe)
_H1
_I0.00
_M1
_UAVAILABLE
_ZMain Library Open Access Collection
999 _c38906
_d38906